000 00339nam a22001453 4500
001 206642
005 20250519155905.0
090 _a206642
100 _a20250519 ukry50
101 _aukr
102 _aUA
200 _a
210 _d2025
801 _2unimarc
_aUA
_gpsbo
942 _cNEWSPAPER